000 00755nam a2200253 a 4500
001 26214
003 CO-ViMGA
008 141112s2004 ck r 000 u spa d
015 _ack - 2010 - xxxx
020 _a9789583035173
040 _aCO-ViMGA
_bspa
_cCO-ViMGA
043 _as - ck - - -
082 0 4 _aCo863.6 C11c
100 1 _aCaballero Calderón, Eduardo, 1910 - 1993
_91044
245 1 0 _aCaín /
_cEduardo Caballero Calderón
250 _a1a. ed.
260 _aBogotá :
_bPanAméricana,
_c2010
300 _a237 p. ; 21 cm
490 _aColeccion Eduardo Caballero Calderón
598 _aNEW - GRAL
650 1 4 _aNovela colombiana - Siglo XX
_92058
942 _2ddc
_cBK
990 _aPanAméricana 2 ejemplares 21 10/11/2010 n a742907
999 _c33403
_d33403